000 00745nam a22001817a 4500
003 JO-AjAnu
005 20240709104139.0
008 240708b jo ||||| |||| 00| 0 ara d
040 _aJO-AjAnu
_beng
_cJO-AjAnu
041 _heng
100 _aAlhazaimeh, Mostafa Abdlkarem
_eprepared
_966103
245 0 _aNumerical Simulation Mixed Convection of Nanofluid Flow Over a Solid Sphere in a Porous Medium /
_cprepared Mostafa Abdlkarem Alhazaimeh - Supervisor Hamzeh Taha Alkasasbeh
260 _c2024
300 _a76 paper
500 _aUniversity thesis (Master’s thesis in mathematics), Ajloun National University (Ajloun, Jordan), College of Science, 2024
700 _aAlkasasbeh, Hamzeh Taha
_eSupervisor
_966037
942 _2lcc
_cTHS
_n0
999 _c33602
_d33602